The collins concise of the English language : chief editor Patrick Hanks

Bibliographic Details
Other Authors: Hanks, Patrick (Editor), Makins, Marian (Editor), McLeod, Williams T. (Editor)
Format: Book
Language:English
Published: London : Collins 1988
Edition:Second edition
Subjects:

MARC

LEADER 00000cam a2200000 7i4500
001 0000000661
005 20240912.0
008 991124 enk eng
020 |a 0004331613 (hbk) 
040 |a INS   |b eng   |e rda 
090 0 0 |a RPE1628   |b .C65 1988 
245 0 4 |a The collins concise of the English language :   |b chief editor Patrick Hanks   |f managing editors William T. Mcleod, Mariam Makins 
250 |a Second edition 
264 1 |a London :   |b Collins   |c 1988 
300 |a xvi, 1,392 pages ;   |c 23 cm. 
336 |a text  |2 rdacontent 
337 |a unmediated  |2 rdamedia 
338 |a volume  |2 rdacarrier 
650 0 |a English language   |x Dictionaries 
700 1 |a Hanks, Patrick ,   |e editor 
700 1 |a Makins, Marian ,   |e editor 
700 1 |a McLeod, Williams T. ,   |e editor 
999 |a 0000004777   |b BOOK   |c Red Spot   |e Default branch